{"text_format":"3","workbook":"xlsx","n_sheets":6,"sheets":["Detalhamento das fórmulas","Resumo da Proposta","ITEM 1 - DMT - Noturno","Horas extras","Uniformes","Materiais Vigilante Desarmado"],"not_rendered":{"defined_names":22},"read":"whole","date_system":"1900"}

{"sheet":"Detalhamento das fórmulas","index":0,"n_rows":154,"n_cols":9,"rows_kept":154,"merged":[[0,0,0,3],[1,0,1,3],[2,0,2,3],[7,1,7,2],[8,1,8,2],[9,1,9,2],[10,1,10,2],[11,0,11,3],[12,0,12,3],[13,0,13,2],[18,3,19,3],[18,4,19,10],[20,3,21,3],[20,4,21,10],[23,0,23,1],[26,0,26,2],[28,0,28,2],[33,0,33,1],[36,0,36,3],[47,0,47,1],[50,0,50,2],[56,3,56,7],[59,0,59,1],[62,0,62,2],[68,0,68,1],[71,0,71,2],[80,0,80,1],[83,0,83,2],[86,0,86,2],[87,0,87,2],[94,3,94,6],[95,0,95,1],[98,0,98,2],[102,0,102,1],[103,3,103,4],[105,0,105,2],[110,0,110,1],[113,0,113,2],[120,0,120,1],[123,0,123,2],[126,4,126,11],[136,0,136,1],[139,0,139,2],[147,0,147,1],[149,0,149,1]]}
["Serviço terceirizado de natureza continuada com dedicação de mão de obra exclusiva para Vigilância - 12x36 "]
[]
[]
[]
[null,"Pregão Eletrônico n°____/2025"]
[]
[null,"CNPJ da contratada: ","**.***.***/****-**"]
["A","Data de apresentação da proposta (dia/mês/ano)",null,"**/**/2025"]
["B","Município/UF (prestação dos serviços)",null,"Diamantino/MT"]
["C","Ano Acordo, Convenção ou Sentença Normativa em Dissídio Coletivo",null,"MT000021/2025"]
["D","Nºde meses de execução contratual",null,12]
["Colocar aqui o enquadramento tributário da empresa "]
[]
["Módulo 1 - Composição da Remuneração"]
[]
[1,"Composição da Remuneração","Valor (R$)"]
["A","Salário-Base",{"v":1700,"d":"1,700.00"}]
["B","Adicional de Periculosidade",{"v":510,"d":"510.00"}]
["C","Adicional de Insalubridade",null,"Cálculo do Adicional noturno","Salário Base + Periculosidade / 220: Quantidade de horas mensais  * 20%: Adicional de periculosidade * 105: Quantidade de horas noturnas mensais"]
["D","Adicional Noturno",{"$f":"SUM(C17:C18)/220*0.2*105","v":{"v":210.95454545454547,"d":"210.95"}}]
["E","Adicional de Hora Noturna Reduzida",{"$f":"SUM(C17:C18)/220*1.2*15.22","v":{"v":183.4701818181818,"d":"183.47"}},"Cálculo do Adic. de Hora Nor Reduzida","Salário Base + Periculosidade / 220: Quantidade de horas mensais * 1 hora reduzida acrescida dos 20%: Adicional de periculosidade * 15,22: Quantidade de dias trabalhados"]
["F","Adicional de Penosidade"]
["G","Outros"]
["Total",null,{"$f":"SUM(C17:C23)","v":{"v":2604.424727272727,"d":"2,604.42"}}]
[]
[]
["Módulo 2 - Encargos e Benefícios Anuais, Mensais e Diários"]
[]
["Submódulo 2.1 - 13º (décimo terceiro) Salário, Férias e Adicional de Férias"]
[]
["2022-01-02","13º (décimo terceiro) Salário, Férias e Adicional de Férias","Valor (R$)"]
["A","13º (décimo terceiro) Salário  (conta vinculada)",{"$f":"C24*8.33%","v":{"v":216.94857978181815,"d":"216.95"}},{"v":0.0833,"d":"8.33%"}]
["B","Férias e Adicional de Férias  (conta vinculada)",{"$f":"2.78%*C24","v":{"v":72.40300741818182,"d":"72.40"}},{"v":0.0278,"d":"2.78%"},"O titular recebe o salário normal e mais o adicional"]
["Total",null,{"$f":"SUM(C32:C33)","v":{"v":289.3515872,"d":"289.35"}}]
[]
[]
["Submódulo 2.2 - Encargos Previdenciários (GPS), Fundo de Garantia por Tempo de Serviço (FGTS) e outras contribuições."]
[]
["2022-02-02","GPS, FGTS e outras contribuições","Percentual (%)","Valor (R$)"]
["A","INSS",{"v":0.2,"d":"20.0%"},{"$f":"($C$24+$C$34)*C40","v":{"v":578.7552628945454,"d":"578.76"}}]
["B","Salário Educação",{"v":0.025,"d":"2.5%"},{"v":72.34440786181817,"d":"72.34"}]
["C","SAT (RAT * FAP)",{"$f":"3/100","v":{"v":0.03,"d":"3.0%"}},{"v":86.8132894341818,"d":"86.81"}]
["D","SESC ou SESI",{"v":0.015,"d":"1.5%"},{"v":43.4066447170909,"d":"43.41"}]
["E","SENAI - SENAC",{"v":0.01,"d":"1.0%"},{"v":28.93776314472727,"d":"28.94"}]
["F","SEBRAE",{"v":0.006,"d":"0.6%"},{"v":17.362657886836363,"d":"17.36"}]
["G","INCRA",{"v":2E-3,"d":"0.2%"},{"v":5.787552628945454,"d":"5.79"}]
["H","FGTS",{"v":0.08,"d":"8.0%"},{"v":231.50210515781816,"d":"231.50"}]
["Total",null,{"$f":"SUM(C40:C47)","v":{"v":0.36800000000000005,"d":"36.8%"}},{"v":1064.9096837259635,"d":"1,064.91"}]
[]
[]
["Submódulo 2.3 - Benefícios Mensais e Diários."]
[]
["2022-03-02","Benefícios Mensais e Diários","Valor (R$)"]
["A","Transporte",{"v":80,"d":"80.00"},"Vale combustível sugerido Conforme ETP"]
["B","Auxílio-Refeição/Alimentação",{"$f":"(15*30)*0.98","v":{"v":441,"d":"441.00"}}]
["C","Plano de Prevenção e Proteção a Vida e a Família",{"v":45,"d":"45.00"},"Fiscal deve verificar se está sendo oferecido"]
["D","Programa de Assistência Social, Ocupacional e Lazer para empregados",null,"Este programa deve ser previsto em custos indiretos - R$7,00. A empresa vai gerenciar por conta própria, pois só deve ser pago se efetivamente implantado"]
["D","Outros - Gratificação por ASSIDUIDADE  ",{"v":124,"d":"124.00"},"Deve ser glosado caso haja faltas "]
["E"]
["Total",null,{"$f":"SUM(C54:C59)","v":{"v":690,"d":"690.00"}}]
[]
[]
["Quadro-Resumo do Módulo 2 - Encargos e Benefícios anuais, mensais e diários"]
[]
[2,"Encargos e Benefícios Anuais, Mensais e Diários","Valor (R$)"]
["2022-01-02","13º (décimo terceiro) Salário, Férias e Adicional de Férias (conta vinculada)",{"$f":"C34","v":{"v":289.3515872,"d":"289.35"}}]
["2022-02-02","GPS, FGTS e outras contribuições",{"$f":"D48","v":{"v":1064.9096837259635,"d":"1,064.91"}}]
["2022-03-02","Benefícios Mensais e Diários",{"$f":"C60","v":{"v":690,"d":"690.00"}}]
["Total",null,{"$f":"SUM(C66:C68)","v":{"v":2044.2612709259636,"d":"2,044.26"}}]
[]
[]
["Módulo 3 - Provisão para Rescisão"]
[]
[3,"Provisão para Rescisão 24 meses","Valor (R$)"]
["A","Aviso Prévio Indenizado",{"$f":"C24*D75","v":{"v":10.851769696969695,"d":"10.85"}},{"$f":"10%*1/24","v":{"v":0.004166666666666667,"d":"0.417%"}},"Custo não renovável caso não tenha sido utilizado"]
["B","Incidência do FGTS sobre o Aviso Prévio Indenizado",{"$f":"C24*D76","v":{"v":0.8681415757575757,"d":"0.87"}},{"$f":"8%*D75","v":{"v":3.3333333333333332E-4,"d":"0.033%"}},"Custo não renovável caso não tenha sido utilizado"]
["C","Multa do FGTS e contribuição social sobre o Aviso Prévio Indenizado  (conta vinculada)",{"$f":"(C24+C34)*D77","v":{"v":4.630042103156363,"d":"4.63"}},{"$f":"5%*8%*40%","v":{"v":0.0016,"d":"0.160%"}},"Será mantido na renovação"]
["D","Aviso Prévio Trabalhado",{"$f":"C24*D78","v":{"v":25.32079595959596,"d":"25.32"}},{"$f":"100%*(7/30)*1/24","v":{"v":0.009722222222222222,"d":"0.972%"}},{"$f":"10%*D78","v":{"v":9.722222222222223E-4,"d":"0.097%"}},"Valor para o 3º ano em diante se não utilizar nos 2 primeiros"]
["E","Incidência dos encargos do submódulo 2.2 sobre o Aviso Prévio Trabalhado",{"$f":"C24*D79","v":{"v":9.318052913131314,"d":"9.32"}},{"$f":"C48*D78","v":{"v":3.5777777777777782E-3,"d":"0.358%"}},"Custo não renovável caso não tenha sido utilizado"]
["F","Multa do FGTS e contribuição social sobre o Aviso Prévio Trabalhado",{"$f":"(C24+C34)*D80","v":{"v":92.60084206312726,"d":"92.60"}},{"$f":"100%*8%*40%","v":{"v":0.032,"d":"3.200%"}},"Será mantido na renovação"]
["Total",null,{"$f":"SUM(C75:C80)","v":{"v":143.58964431173817,"d":"143.59"}}]
[]
[]
["Módulo 4 - Custo de Reposição do Profissional Ausente"]
[]
[]
["Submódulo 4.1 - Ausências Legais"]
["Utilizado padrões de índices aceitos pelo TCU conforme estudos de outros órgãos"]
["2022-01-04","Ausências Legais","Valor (R$)"]
["A","Férias",{"$f":"($C$24+$C$66)/12","v":{"v":241.14802620606056,"d":"241.15"}},"custo para o repositor diluído em 12 meses"]
["B","Ausências Legais ",{"$f":"($C$24+$C$66)*0.28%","v":{"v":8.102573680523637,"d":"8.10"}},"Custo não renovável caso não tenha sido utilizado"]
["C","Licença-Paternidade/Maternidade",{"$f":"($C$24+$C$66)*0.04%","v":{"v":1.1575105257890907,"d":"1.16"}},"Custo não renovável caso não tenha sido utilizado"]
["D","Ausência por acidente de trabalho",{"$f":"($C$24+$C$66)*0.27%","v":{"v":7.813196049076363,"d":"7.81"}},"Custo não renovável caso não tenha sido utilizado"]
["E","Ausências por doença",{"$f":"($C$24+$C$66)*1.66%","v":{"v":48.03668682024727,"d":"48.04"}},"Custo não renovável caso não tenha sido utilizado"]
["F","Outros (Auxílio-Refeição/Alimentação nas férias)",{"$f":"((15*28)*0.98)/12","v":{"v":34.3,"d":"34.30"}},"CLÁUSULA DÉCIMA SEGUNDA - § SETIMO (CCT)"]
["Total",null,{"$f":"SUM(C90:C95)","v":{"v":340.55799328169695,"d":"340.56"}}]
[]
[]
["Submódulo 4.2 - Intrajornada"]
[{"$nulls":4},"Intrajornada - Conceder 30 minutos de almoço",{"$nulls":3},"Valor pago somente pelos Campi que não concederão o intervalo"]
["2022-02-04","Intrajornada","Valor (R$)",null,"Total de horas trabalhadas no mês",null,{"$f":"15.22*12","v":182.64000000000001}]
["A","Intervalo para repouso e alimentação",null,null,"Valor da remuneração por hora de trabalho",null,{"$f":"(C17+C18)/G101","v":{"v":12.100306614104248,"d":"12.10"}}]
["Total",null,{"$f":"C102","v":{"v":0,"d":"0.00"}},null,"Intervalo intrajornada",null,{"$f":"0.5*G102*1.5*15.22","v":{"v":138.125,"d":"138.13"}},"meia hora*valor da hora*1hora + os 50%*a quantidade de dias"]
[{"$nulls":6},{"$f":"(0.5*15.22)*(G102+(50%*G102))","v":{"v":138.125,"d":"138.13"}}]
[]
["Quadro-Resumo do Módulo 4 - Custo de Reposição do Profissional Ausente"]
[]
[4,"Custo de Reposição do Profissional Ausente","Valor (R$)"]
["2022-01-04","Ausências Legais",{"$f":"C96","v":{"v":340.55799328169695,"d":"340.56"}}]
["2022-02-04","Intrajornada",{"$f":"C103","v":{"v":0,"d":"0.00"}}]
["Total",null,{"$f":"SUM(C109:C110)","v":{"v":340.55799328169695,"d":"340.56"}}]
[]
[]
["Módulo 5 - Insumos Diversos"]
[]
[5,"Insumos Diversos","Valor (R$)"]
["A","Uniformes",{"$f":"Uniformes!F18","v":{"v":123.52587499999998,"d":"123.53"}}]
["B","Materiais",{"$f":"'Materiais Vigilante Desarmado'!F11","v":{"v":13.081612499999999,"d":"13.08"}}]
["C","Equipamentos",{"v":0,"d":"0.00"}]
["D","EPIs"]
["Total",null,{"$f":"SUM(C117:C120)","v":{"v":136.6074875,"d":"136.61"}}]
[]
[]
["Módulo 6 - Custos Indiretos, Tributos e Lucro"]
[]
[6,"Custos Indiretos, Tributos e Lucro","Percentual (%)","Valor (R$)"]
["A","Custos Indiretos",{"v":0.07,"d":"7.00%"},{"$f":"$C$148*C127","v":{"v":368.8608786304489,"d":"368.86"}},"Aqui devem ser previstos todos os custos que não estão na planilha, inclusive com preposto - será considerado inexíquel se, somado ao lucro,  não cobrir ao menos a soma dos impostos incluindo IRPJ e CSLL"]
["B","Lucro",{"v":0.09,"d":"9.00%"},{"v":474.24970109629135,"d":"474.25"}]
[null,"Subtotal (Múdulos 1 ao 5+CI+lucro)",null,{"$f":"C148+D128+D127","v":{"v":6112.551703018867,"d":"6,112.55"}}]
["C","Tributos"]
[null,"C.1. Tributos Federais (especificar) SOMA",{"$f":"C132+C133+C136","v":{"v":0.14250000000000002,"d":"14.25%"}},{"$f":"(D129/(1-C131))*C131","v":{"v":1015.7884754287915,"d":"1,015.79"}}]
[null,"C.1.1  PIS",{"v":0.0165,"d":"1.65%"}]
[null,"C.1.2 COFINS",{"v":0.076,"d":"7.60%"}]
[null,"C.2. Tributos Estaduais (especificar)"]
[null,"C.3. Tributos Municipais (especificar)"]
[null,"C.3.1 - ISS - Sorriso",{"v":0.05,"d":"5.00%"}]
["Total módulo 6",null,null,{"$f":"D127+D128+D131","v":{"v":1858.8990551555316,"d":"1,858.90"}}]
[]
[]
["2. QUADRO-RESUMO DO CUSTO POR EMPREGADO"]
[]
[null,"Mão de obra vinculada à execução contratual (valor por empregado)","Valor (R$)"]
["A","Módulo 1 - Composição da Remuneração",{"$f":"C24","v":{"v":2604.424727272727,"d":"2,604.42"}}]
["B","Módulo 2 - Encargos e Benefícios Anuais, Mensais e Diários",{"$f":"C69","v":{"v":2044.2612709259636,"d":"2,044.26"}}]
["C","Módulo 3 - Provisão para Rescisão",{"$f":"C81","v":{"v":143.58964431173817,"d":"143.59"}}]
["D","Módulo 4 - Custo de Reposição do Profissional Ausente",{"$f":"C111","v":{"v":340.55799328169695,"d":"340.56"}}]
["E","Módulo 5 - Insumos Diversos",{"$f":"C121","v":{"v":136.6074875,"d":"136.61"}}]
["Subtotal (A + B +C+ D+E)",null,{"$f":"SUM(C143:C147)","v":{"v":5269.441123292127,"d":"5,269.44"}}]
["F","Módulo 6 – Custos Indiretos, Tributos e Lucro",{"$f":"D137","v":{"v":1858.8990551555316,"d":"1,858.90"}}]
["Valor Total por Empregado",null,{"$f":"C149+C148","v":{"v":7128.340178447658,"d":"7,128.34"}}]
[null,"Quantidade de postos",1]
[null,"Quantidade de funcionários",2]
[null,"Total mensal estimado",{"$f":"C150*C152","v":{"v":14256.680356895316,"d":"14,256.68"}}]
[null,"Total estimado para o contrato (12 meses)",{"$f":"12*C153","v":{"v":171080.1642827438,"d":"171,080.16"}}]

{"sheet":"Resumo da Proposta","index":1,"n_rows":12,"n_cols":9,"rows_kept":12,"merged":[[0,0,1,8],[2,0,3,8],[5,0,5,8],[8,0,9,1],[8,2,9,2],[8,3,9,3],[8,4,9,4],[8,5,9,5],[8,6,9,6],[8,7,9,7],[8,8,9,8]]}
["PROPOSTA"]
[]
["Identificação da licitante\nRazão social:\nCNPJ:\nEndereço completo:\nRepresentante legal:\nTelefone:\nE-mail:"]
[]
[]
["Resumo Valor Estimativo da Contratação – Vigilância Desarmada"]
["Unidade","Posto","Valor Mensal por Empregado","Quantidade Empregados Por Posto","Valor Mensal do Posto","Quantidade de Postos","Valor Mensal ","Meses Execução do Serviço","Valor dos Postos de Serviço para 12 meses"]
["IFMT - Campus Diamantino - DMT","Vigilante 12x36 Noturno - Desarmado ",{"$f":"'ITEM 1 - DMT - Noturno'!C150","v":{"v":7377.904215495737,"d":"R$ 7,377.90"}},2,{"$f":"C8*D8","v":{"v":14755.808430991474,"d":"R$ 14,755.81"}},1,{"$f":"E8*F8","v":{"v":14755.808430991474,"d":"R$ 14,755.81"}},12,{"$f":"G8*H8","v":{"v":177069.7011718977,"d":"R$ 177,069.70"}}]
["TOTAL",null,{"$f":"SUM(C8:C8)","v":{"v":7377.904215495737,"d":"R$ 7,377.90"}},null,{"$f":"SUM(E8:E8)","v":{"v":14755.808430991474,"d":"R$ 14,755.81"}},null,{"$f":"SUM(G8:G8)","v":{"v":14755.808430991474,"d":"R$ 14,755.81"}},null,{"$f":"SUM(I8:I8)","v":{"v":177069.7011718977,"d":"R$ 177,069.70"}}]
[]
[]
["* Ajustar a planilha (tabela) de acordo com a proposta do licitante para o grupo/item em que ele participou."]

{"sheet":"ITEM 1 - DMT - Noturno","index":2,"n_rows":154,"n_cols":7,"rows_kept":154,"merged":[[0,0,0,3],[1,0,1,3],[2,0,2,3],[2,4,12,4],[7,1,7,2],[8,1,8,2],[9,1,9,2],[10,1,10,2],[11,0,11,3],[12,0,12,3],[13,0,13,2],[14,4,19,4],[23,0,23,1],[26,0,26,2],[28,0,28,2],[33,0,33,1],[36,0,36,3],[47,0,47,1],[50,0,50,2],[56,3,56,7],[59,0,59,1],[62,0,62,2],[68,0,68,1],[71,0,71,2],[80,0,80,1],[83,0,83,2],[86,0,86,2],[87,0,87,2],[94,3,94,6],[95,0,95,1],[98,0,98,2],[102,0,102,1],[103,3,103,4],[105,0,105,2],[110,0,110,1],[113,0,113,2],[120,0,120,1],[123,0,123,2],[126,4,126,8],[136,0,136,1],[139,0,139,2],[147,0,147,1],[149,0,149,1]]}
["Serviço terceirizado de natureza continuada com dedicação de mão de obra exclusiva para Vigilância - 12x36"]
["PARA A SEDE DO CAMPUS- URBANO - NOTURNO - DESARMADA",{"$nulls":3},"Por favor, não alterar as fórmulas"]
["CAMPUS DIAMANTINO",{"$nulls":3},"Senhor licitante, alterar nesta planilha somente o que está em letras vermelhas. Podem ser alterados os valores nas planilhas de uniformes."]
[]
[null,"Pregão Eletrônico n° 90016/2025"]
[]
[null,"CNPJ da contratada: ","**.***.***/****-**"]
["A","Data de apresentação da proposta (dia/mês/ano)",null,"**/**/2025"]
["B","Município/UF (prestação dos serviços)",null,"Cuiabá/MT"]
["C","Ano Acordo, Convenção ou Sentença Normativa em Dissídio Coletivo",null,"MT000021/2025"]
["D","Nºde meses de execução contratual",null,12]
["Colocar aqui o enquadramento tributário da empresa "]
[]
["Módulo 1 - Composição da Remuneração"]
[{"$nulls":4},"OBS: se alterar os valores nas planilhas de uniformes o valor correspondente será automaticamente alterado nesta planilha de postos."]
[1,"Composição da Remuneração","Valor (R$)"]
["A","Salário-Base",{"v":1700,"d":"1,700.00"}]
["B","Adicional de Periculosidade",{"v":510,"d":"510.00"}]
["C","Adicional de Insalubridade"]
["D","Adicional Noturno",{"$f":"SUM(C17:C18)/220*0.2*105","v":{"v":210.95454545454547,"d":"210.95"}}]
["E","Adicional de Hora Noturna Reduzida",{"$f":"SUM(C17:C18)/220*1.2*15.22","v":{"v":183.4701818181818,"d":"183.47"}}]
["F","Adicional de Penosidade"]
["G","Outros"]
["Total",null,{"$f":"SUM(C17:C23)","v":{"v":2604.424727272727,"d":"2,604.42"}}]
[]
[]
["Módulo 2 - Encargos e Benefícios Anuais, Mensais e Diários"]
[]
["Submódulo 2.1 - 13º (décimo terceiro) Salário, Férias e Adicional de Férias"]
[]
["2022-01-02","13º (décimo terceiro) Salário, Férias e Adicional de Férias","Valor (R$)"]
["A","13º (décimo terceiro) Salário  (conta vinculada)",{"$f":"C24*8.33%","v":{"v":216.94857978181815,"d":"216.95"}},{"v":0.0833,"d":"8.33%"}]
["B","Férias e Adicional de Férias  (conta vinculada)",{"$f":"2.78%*C24","v":{"v":72.40300741818182,"d":"72.40"}},{"v":0.0278,"d":"2.78%"}]
["Total",null,{"$f":"SUM(C32:C33)","v":{"v":289.3515872,"d":"289.35"}}]
[]
[]
["Submódulo 2.2 - Encargos Previdenciários (GPS), Fundo de Garantia por Tempo de Serviço (FGTS) e outras contribuições."]
[]
["2022-02-02","GPS, FGTS e outras contribuições","Percentual (%)","Valor (R$)"]
["A","INSS",{"v":0.2,"d":"20.0%"},{"$f":"($C$24+$C$34)*C40","v":{"v":578.7552628945454,"d":"578.76"}}]
["B","Salário Educação",{"v":0.025,"d":"2.5%"},{"v":72.34440786181817,"d":"72.34"}]
["C","SAT (RAT * FAP)",{"$f":"3/100","v":{"v":0.03,"d":"3.0%"}},{"v":86.8132894341818,"d":"86.81"}]
["D","SESC ou SESI",{"v":0.015,"d":"1.5%"},{"v":43.4066447170909,"d":"43.41"}]
["E","SENAI - SENAC",{"v":0.01,"d":"1.0%"},{"v":28.93776314472727,"d":"28.94"}]
["F","SEBRAE",{"v":0.006,"d":"0.6%"},{"v":17.362657886836363,"d":"17.36"}]
["G","INCRA",{"v":2E-3,"d":"0.2%"},{"v":5.787552628945454,"d":"5.79"}]
["H","FGTS",{"v":0.08,"d":"8.0%"},{"v":231.50210515781816,"d":"231.50"}]
["Total",null,{"$f":"SUM(C40:C47)","v":{"v":0.36800000000000005,"d":"36.8%"}},{"v":1064.9096837259635,"d":"1,064.91"}]
[]
[]
["Submódulo 2.3 - Benefícios Mensais e Diários."]
[]
["2022-03-02","Benefícios Mensais e Diários","Valor (R$)"]
["A","Transporte",{"v":80,"d":"80.00"},"Vale combustível sugerido, conforme descrito no ETP"]
["B","Auxílio-Refeição/Alimentação",{"$f":"(15*30)*0.98","v":{"v":441,"d":"441.00"}}]
["C","Plano de Prevenção e Proteção a Vida e a Família",{"v":45,"d":"45.00"}]
["D","Programa de Assistência Social, Ocupacional e Lazer para empregados",null,"Este programa deve ser previsto em custos indiretos - R$7,50. \n\nCLÁUSULA VIGÉSIMA QUARTA - -DO PROGRAMA DE ASSISTENCIA SOCIAL, OCUPACIONAL E LAZER PARA OS EMPREGADOS (CONVENÇÃO COLETIVA DE TRABALHO 2025/2026 NÚMERO DE REGISTRO NO MTE: MT000021/2025)"]
["D","Outros - Gratificação por ASSIDUIDADE  ",{"v":124,"d":"124.00"}]
["E"]
["Total",null,{"$f":"SUM(C54:C59)","v":{"v":690,"d":"690.00"}}]
[]
[]
["Quadro-Resumo do Módulo 2 - Encargos e Benefícios anuais, mensais e diários"]
[]
[2,"Encargos e Benefícios Anuais, Mensais e Diários","Valor (R$)"]
["2022-01-02","13º (décimo terceiro) Salário, Férias e Adicional de Férias (conta vinculada)",{"$f":"C34","v":{"v":289.3515872,"d":"289.35"}}]
["2022-02-02","GPS, FGTS e outras contribuições",{"$f":"D48","v":{"v":1064.9096837259635,"d":"1,064.91"}}]
["2022-03-02","Benefícios Mensais e Diários",{"$f":"C60","v":{"v":690,"d":"690.00"}}]
["Total",null,{"$f":"SUM(C66:C68)","v":{"v":2044.2612709259636,"d":"2,044.26"}}]
[]
[]
["Módulo 3 - Provisão para Rescisão"]
[]
[3,"Provisão para Rescisão 12 meses","Valor (R$)"]
["A","Aviso Prévio Indenizado",{"$f":"C24*D75","v":{"v":21.70353939393939,"d":"21.70"}},{"$f":"10%*1/12","v":{"v":0.008333333333333333,"d":"0.833%"}},"Custo não renovável caso não tenha sido utilizado"]
["B","Incidência do FGTS sobre o Aviso Prévio Indenizado",{"$f":"C24*D76","v":{"v":1.7362831515151513,"d":"1.74"}},{"$f":"8%*D75","v":{"v":6.6666666666666664E-4,"d":"0.067%"}},"Custo não renovável caso não tenha sido utilizado"]
["C","Multa do FGTS e contribuição social sobre o Aviso Prévio Indenizado  (conta vinculada)",{"$f":"(C24+C34)*D77","v":{"v":4.630042103156363,"d":"4.63"}},{"$f":"5%*8%*40%","v":{"v":0.0016,"d":"0.160%"}},"Será mantido na renovação"]
["D","Aviso Prévio Trabalhado",{"$f":"C24*D78","v":{"v":50.64159191919192,"d":"50.64"}},{"$f":"100%*(7/30)*1/12","v":{"v":0.019444444444444445,"d":"1.944%"}},{"$f":"10%*D78","v":{"v":1.9444444444444446E-3,"d":"0.194%"}},"Valor para o 3º ano em diante se não utilizar nos 2 primeiros"]
["E","Incidência dos encargos do submódulo 2.2 sobre o Aviso Prévio Trabalhado",{"$f":"C24*D79","v":{"v":18.63610582626263,"d":"18.64"}},{"$f":"C48*D78","v":{"v":7.1555555555555565E-3,"d":"0.716%"}},"Custo não renovável caso não tenha sido utilizado"]
["F","Multa do FGTS e contribuição social sobre o Aviso Prévio Trabalhado",{"$f":"(C24+C34)*D80","v":{"v":92.60084206312726,"d":"92.60"}},{"$f":"100%*8%*40%","v":{"v":0.032,"d":"3.200%"}},"Será mantido na renovação"]
["Total",null,{"$f":"SUM(C75:C80)","v":{"v":189.9484044571927,"d":"189.95"}}]
[]
[]
["Módulo 4 - Custo de Reposição do Profissional Ausente"]
[]
[]
["Submódulo 4.1 - Ausências Legais"]
["Utilizado padrões de índices aceitos pelo TCU conforme estudos de outros órgãos"]
["2022-01-04","Ausências Legais","Valor (R$)"]
["A","Férias",{"$f":"($C$24+$C$66)/12","v":{"v":241.14802620606056,"d":"241.15"}},"custo para o repositor diluído em 12 meses"]
["B","Ausências Legais ",{"$f":"($C$24+$C$66)*0.28%","v":{"v":8.102573680523637,"d":"8.10"}},"Custo não renovável caso não tenha sido utilizado"]
["C","Licença-Paternidade/Maternidade",{"$f":"($C$24+$C$66)*0.04%","v":{"v":1.1575105257890907,"d":"1.16"}},"Custo não renovável caso não tenha sido utilizado"]
["D","Ausência por acidente de trabalho",{"$f":"($C$24+$C$66)*0.27%","v":{"v":7.813196049076363,"d":"7.81"}},"Custo não renovável caso não tenha sido utilizado"]
["E","Ausências por doença",{"$f":"($C$24+$C$66)*1.66%","v":{"v":48.03668682024727,"d":"48.04"}},"Custo não renovável caso não tenha sido utilizado"]
["F","Outros (Auxílio-Refeição/Alimentação nas férias)",{"$f":"((15*28)*0.98)/12","v":{"v":34.3,"d":"34.30"}},"CLÁUSULA DÉCIMA SEGUNDA - § SETIMO"]
["Total",null,{"$f":"SUM(C90:C95)","v":{"v":340.55799328169695,"d":"340.56"}}]
[]
[]
["Submódulo 4.2 - Intrajornada"]
[{"$nulls":4},"Intrajornada - Conceder 30 minutos "]
["2022-02-04","Intrajornada","Valor (R$)",null,"Total de horas trabalhadas no mês",null,{"$f":"15.22*12","v":182.64000000000001}]
["A","Intervalo para repouso e alimentação",{"$f":"0.5*G102*1.5*15.22","v":{"v":138.125,"d":"138.13"}},null,"Valor da remuneração por hora de trabalho",null,{"$f":"(C17+C18)/G101","v":{"v":12.100306614104248,"d":"12.10"}}]
["Total",null,{"$f":"C102","v":{"v":138.125,"d":"138.13"}},null,"Intervalo intrajornada",null,{"$f":"0.5*G102*1.5*15.22","v":{"v":138.125,"d":"138.13"}}]
[{"$nulls":6},{"$f":"(0.5*15.22)*(G102+(50%*G102))","v":{"v":138.125,"d":"138.13"}}]
[]
["Quadro-Resumo do Módulo 4 - Custo de Reposição do Profissional Ausente"]
[]
[4,"Custo de Reposição do Profissional Ausente","Valor (R$)"]
["2022-01-04","Ausências Legais",{"$f":"C96","v":{"v":340.55799328169695,"d":"340.56"}}]
["2022-02-04","Intrajornada",{"$f":"C103","v":{"v":138.125,"d":"138.13"}}]
["Total",null,{"$f":"SUM(C109:C110)","v":{"v":478.68299328169695,"d":"478.68"}}]
[]
[]
["Módulo 5 - Insumos Diversos"]
[]
[5,"Insumos Diversos","Valor (R$)"]
["A","Uniformes",{"$f":"Uniformes!F18","v":{"v":123.52587499999998,"d":"123.53"}}]
["B","Materiais",{"$f":"'Materiais Vigilante Desarmado'!F11","v":{"v":13.081612499999999,"d":"13.08"}}]
["C","Equipamentos",{"v":0,"d":"0.00"}]
["D","EPIs"]
["Total",null,{"$f":"SUM(C117:C120)","v":{"v":136.6074875,"d":"136.61"}}]
[]
[]
["Módulo 6 - Custos Indiretos, Tributos e Lucro"]
[]
[6,"Custos Indiretos, Tributos e Lucro","Percentual (%)","Valor (R$)"]
["A","Custos Indiretos",{"v":0.07,"d":"7.00%"},{"$f":"$C$148*C127","v":{"v":381.7747418406307,"d":"381.77"}},"Aqui devem ser previstos todos os custos que não estão na planilha - será considerado inexíquel se não cobrir ao menos a soma dos impostos incluindo IRPJ e CSLL"]
["B","Lucro",{"v":0.09,"d":"9.00%"},{"v":490.8532395093823,"d":"490.85"}]
[null,"Subtotal (Múdulos 1 ao 5+CI+lucro)",null,{"$f":"C148+D128+D127","v":{"v":6326.552864787594,"d":"6,326.55"}}]
["C","Tributos"]
[null,"C.1. Tributos Federais (especificar) SOMA",{"$f":"C132+C133+C136","v":{"v":0.14250000000000002,"d":"14.25%"}},{"$f":"(D129/(1-C131))*C131","v":{"v":1051.3513507081427,"d":"1,051.35"}}]
[null,"C.1.1  PIS",{"v":0.0165,"d":"1.65%"}]
[null,"C.1.2 COFINS",{"v":0.076,"d":"7.60%"}]
[null,"C.2. Tributos Estaduais (especificar)"]
[null,"C.3. Tributos Municipais (especificar)"]
[null,"C.3.1 - ISS - Diamantino",{"v":0.05,"d":"5.00%"}]
["Total módulo 6",null,null,{"$f":"D127+D128+D131","v":{"v":1923.9793320581557,"d":"1,923.98"}}]
[]
[]
["2. QUADRO-RESUMO DO CUSTO POR EMPREGADO"]
[]
[null,"Mão de obra vinculada à execução contratual (valor por empregado)","Valor (R$)"]
["A","Módulo 1 - Composição da Remuneração",{"$f":"C24","v":{"v":2604.424727272727,"d":"2,604.42"}}]
["B","Módulo 2 - Encargos e Benefícios Anuais, Mensais e Diários",{"$f":"C69","v":{"v":2044.2612709259636,"d":"2,044.26"}}]
["C","Módulo 3 - Provisão para Rescisão",{"$f":"C81","v":{"v":189.9484044571927,"d":"189.95"}}]
["D","Módulo 4 - Custo de Reposição do Profissional Ausente",{"$f":"C111","v":{"v":478.68299328169695,"d":"478.68"}}]
["E","Módulo 5 - Insumos Diversos",{"$f":"C121","v":{"v":136.6074875,"d":"136.61"}}]
["Subtotal (A + B +C+ D+E)",null,{"$f":"SUM(C143:C147)","v":{"v":5453.924883437581,"d":"5,453.92"}}]
["F","Módulo 6 – Custos Indiretos, Tributos e Lucro",{"$f":"D137","v":{"v":1923.9793320581557,"d":"1,923.98"}}]
["Valor Total por Empregado",null,{"$f":"C149+C148","v":{"v":7377.904215495737,"d":"7,377.90"}}]
[null,"Quantidade de postos",1]
[null,"Quantidade de funcionários",2]
[null,"Total mensal estimado",{"$f":"C150*C152","v":{"v":14755.808430991474,"d":"14,755.81"}}]
[null,"Total anual estimado",{"$f":"12*C153","v":{"v":177069.7011718977,"d":"177,069.70"}}]

{"sheet":"Horas extras","index":3,"n_rows":154,"n_cols":6,"rows_kept":154,"merged":[[0,0,0,3],[1,0,1,3],[1,4,3,4],[2,0,2,3],[7,1,7,2],[8,1,8,2],[9,1,9,2],[10,1,10,2],[11,0,11,3],[12,0,12,3],[13,0,13,2],[24,0,24,1],[27,0,27,2],[29,0,29,2],[34,0,34,1],[37,0,37,3],[48,0,48,1],[51,0,51,2],[57,3,57,7],[60,0,60,1],[63,0,63,2],[69,0,69,1],[72,0,72,2],[81,0,81,1],[84,0,84,2],[87,0,87,2],[88,0,88,2],[96,0,96,1],[99,0,99,2],[103,0,103,1],[104,3,104,4],[106,0,106,2],[111,0,111,1],[114,0,114,2],[121,0,121,1],[124,0,124,2],[127,4,127,8],[137,0,137,1],[140,0,140,2],[148,0,148,1],[150,0,150,1]]}
["Serviço terceirizado de natureza continuada com dedicação de mão de obra exclusiva para Vigilância - 12x36 "]
["HORAS EXTRAS",{"$nulls":3},"Esta planilha não precisa ser alterada nos valores"]
["CAMPUS DIAMANTINO"]
[]
[null,"Pregão Eletrônico n° 90016/2025"]
[]
[null,"CNPJ da contratada: ","**.***.***/****-**"]
["A","Data de apresentação da proposta (dia/mês/ano)",null,"**/**/2025"]
["B","Município/UF (prestação dos serviços)",null,"Diamantino-MT"]
["C","Ano Acordo, Convenção ou Sentença Normativa em Dissídio Coletivo",null,"MT000021/2025"]
["D","Nºde meses de execução contratual",null,12]
["Planilha para 1 hora extra"]
[]
["Módulo 1 - Composição da Remuneração"]
[]
[1,"Composição da Remuneração","Valor (R$)"]
["A","Salário-Base",{"$f":"1612.61/220","v":{"v":7.330045454545454,"d":"7.33"}}]
["A1","Percentual (adequar 50 ou 100 conforme o caso)",{"$f":"(1612.61/220)*50%","v":{"v":3.665022727272727,"d":"3.67"}}]
["B","Adicional de Periculosidade",{"$f":"483.78/220","v":{"v":2.199,"d":"2.20"}}]
["C","Adicional de Insalubridade"]
["D","Adicional Noturno"]
["E","Adicional de Hora Noturna Reduzida",null,"A hora extra não ocorrerá no horário que incide adicional noturno"]
["F","Adicional de Penosidade"]
["G","Outros"]
["Total",null,{"$f":"SUM(C17:C24)","v":{"v":13.19406818181818,"d":"13.19"}}]
[]
[]
["Módulo 2 - Encargos e Benefícios Anuais, Mensais e Diários"]
[]
["Submódulo 2.1 - 13º (décimo terceiro) Salário, Férias e Adicional de Férias"]
[]
["2022-01-02","13º (décimo terceiro) Salário, Férias e Adicional de Férias","Valor (R$)"]
["A","13º (décimo terceiro) Salário  (conta vinculada)",{"$f":"C25*8.33%","v":{"v":1.0990658795454544,"d":"1.10"}},{"v":0.0833,"d":"8.33%"}]
["B","Férias e Adicional de Férias  (conta vinculada)",{"$f":"2.78%*C25","v":{"v":0.36679509545454536,"d":"0.37"}},{"v":0.0278,"d":"2.78%"}]
["Total",null,{"$f":"SUM(C33:C34)","v":{"v":1.4658609749999998,"d":"1.47"}}]
[]
[]
["Submódulo 2.2 - Encargos Previdenciários (GPS), Fundo de Garantia por Tempo de Serviço (FGTS) e outras contribuições."]
[]
["2022-02-02","GPS, FGTS e outras contribuições","Percentual (%)","Valor (R$)"]
["A","INSS",{"v":0.2,"d":"20.0%"},{"$f":"($C$25+$C$35)*C41","v":{"v":2.931985831363636,"d":"2.93"}}]
["B","Salário Educação",{"v":0.025,"d":"2.5%"},{"v":0.3664982289204545,"d":"0.37"}]
["C","SAT (RAT * FAP)",{"$f":"3/100","v":{"v":0.03,"d":"3.0%"}},{"v":0.4397978747045454,"d":"0.44"}]
["D","SESC ou SESI",{"v":0.015,"d":"1.5%"},{"v":0.2198989373522727,"d":"0.22"}]
["E","SENAI - SENAC",{"v":0.01,"d":"1.0%"},{"v":0.1465992915681818,"d":"0.15"}]
["F","SEBRAE",{"v":0.006,"d":"0.6%"},{"v":0.08795957494090909,"d":"0.09"}]
["G","INCRA",{"v":2E-3,"d":"0.2%"},{"v":0.02931985831363636,"d":"0.03"}]
["H","FGTS",{"v":0.08,"d":"8.0%"},{"v":1.1727943325454544,"d":"1.17"}]
["Total",null,{"$f":"SUM(C41:C48)","v":{"v":0.36800000000000005,"d":"36.8%"}},{"v":5.39485392970909,"d":"5.39"}]
[]
[]
["Submódulo 2.3 - Benefícios Mensais e Diários."]
[]
["2022-03-02","Benefícios Mensais e Diários","Valor (R$)"]
["A","Transporte",null,"Não se aplica, pois já recebeu o do dia"]
["B","Auxílio-Refeição/Alimentação",null,"Não se aplica, pois já recebeu o do dia"]
["C","Plano de Prevenção e Proteção a Vida e a Família",null,"Não se aplica, pois já recebeu o do dia"]
["D","Programa de Assistência Social, Ocupacional e Lazer para empregados",null,"Este programa deve ser previsto em custos indiretos - R$7,00."]
["D","Outros - Gratificação por ASSIDUIDADE  ",null,"Não se aplica, pois já recebeu o do dia"]
["E"]
["Total",null,{"$f":"SUM(C55:C60)","v":{"v":0,"d":"0.00"}}]
[]
[]
["Quadro-Resumo do Módulo 2 - Encargos e Benefícios anuais, mensais e diários"]
[]
[2,"Encargos e Benefícios Anuais, Mensais e Diários","Valor (R$)"]
["2022-01-02","13º (décimo terceiro) Salário, Férias e Adicional de Férias (conta vinculada)",{"$f":"C35","v":{"v":1.4658609749999998,"d":"1.47"}}]
["2022-02-02","GPS, FGTS e outras contribuições",{"$f":"D49","v":{"v":5.39485392970909,"d":"5.39"}}]
["2022-03-02","Benefícios Mensais e Diários",{"$f":"C61","v":{"v":0,"d":"0.00"}}]
["Total",null,{"$f":"SUM(C67:C69)","v":{"v":6.86071490470909,"d":"6.86"}}]
[]
[]
["Módulo 3 - Provisão para Rescisão"]
[]
[3,"Provisão para Rescisão 24 meses","Valor (R$)"]
["A","Aviso Prévio Indenizado",{"$f":"C25*D76","v":{"v":0.05497528409090908,"d":"0.05"}},{"$f":"10%*1/24","v":{"v":0.004166666666666667,"d":"0.417%"}},"Custo não renovável caso não tenha sido utilizado"]
["B","Incidência do FGTS sobre o Aviso Prévio Indenizado",{"$f":"C25*D77","v":{"v":0.004398022727272726,"d":"0.00"}},{"$f":"8%*D76","v":{"v":3.3333333333333332E-4,"d":"0.033%"}},"Custo não renovável caso não tenha sido utilizado"]
["C","Multa do FGTS e contribuição social sobre o Aviso Prévio Indenizado  (conta vinculada)",{"$f":"(C25+C35)*D78","v":{"v":0.02345588665090909,"d":"0.02"}},{"$f":"5%*8%*40%","v":{"v":0.0016,"d":"0.160%"}},"Será mantido na renovação"]
["D","Aviso Prévio Trabalhado",{"$f":"C25*D79","v":{"v":0.12827566287878786,"d":"0.13"}},{"$f":"100%*(7/30)*1/24","v":{"v":0.009722222222222222,"d":"0.972%"}},{"$f":"10%*D79","v":{"v":9.722222222222223E-4,"d":"0.097%"}},"Valor para o 3º ano em diante se não utilizar nos 2 primeiros"]
["E","Incidência dos encargos do submódulo 2.2 sobre o Aviso Prévio Trabalhado",{"$f":"C25*D80","v":{"v":0.04720544393939394,"d":"0.05"}},{"$f":"C49*D79","v":{"v":3.5777777777777782E-3,"d":"0.358%"}},"Custo não renovável caso não tenha sido utilizado"]
["F","Multa do FGTS e contribuição social sobre o Aviso Prévio Trabalhado",{"$f":"(C25+C35)*D81","v":{"v":0.46911773301818177,"d":"0.47"}},{"$f":"100%*8%*40%","v":{"v":0.032,"d":"3.200%"}},"Será mantido na renovação"]
["Total",null,{"$f":"SUM(C76:C81)","v":{"v":0.7274280333054544,"d":"0.73"}}]
[]
[]
["Módulo 4 - Custo de Reposição do Profissional Ausente"]
[]
[]
["Submódulo 4.1 - Ausências Legais"]
["Utilizado padrões de índices aceitos pelo TCU conforme estudos de outros órgãos"]
["2022-01-04","Ausências Legais","Valor (R$)"]
["A","Férias",null,"Não se aplica, pois a hora extra não altera esse custo"]
["B","Ausências Legais ",null,"Não se aplica, pois a hora extra não altera esse custo"]
["C","Licença-Paternidade/Maternidade",null,"Não se aplica, pois a hora extra não altera esse custo"]
["D","Ausência por acidente de trabalho",null,"Não se aplica, pois a hora extra não altera esse custo"]
["E","Ausências por doença",null,"Não se aplica, pois a hora extra não altera esse custo"]
["F","Outros (Auxílio-Refeição/Alimentação nas férias)",null,"Não se aplica, pois a hora extra não altera esse custo"]
["Total",null,{"$f":"SUM(C91:C96)","v":{"v":0,"d":"0.00"}}]
[]
[]
["Submódulo 4.2 - Intrajornada"]
[]
["2022-02-04","Intrajornada","Valor (R$)"]
["A","Intervalo para repouso e alimentação",null,"Não se aplica, pois a hora extra não altera esse custo"]
["Total",null,{"$f":"C103","v":{"v":0,"d":"0.00"}}]
[]
[]
["Quadro-Resumo do Módulo 4 - Custo de Reposição do Profissional Ausente"]
[]
[4,"Custo de Reposição do Profissional Ausente","Valor (R$)"]
["2022-01-04","Ausências Legais",{"$f":"C97","v":{"v":0,"d":"0.00"}}]
["2022-02-04","Intrajornada",{"$f":"C104","v":{"v":0,"d":"0.00"}}]
["Total",null,{"$f":"SUM(C110:C111)","v":{"v":0,"d":"0.00"}}]
[]
[]
["Módulo 5 - Insumos Diversos"]
[]
[5,"Insumos Diversos","Valor (R$)"]
["A","Uniformes",null,"Não se aplica, pois a hora extra não altera esse custo"]
["B","Materiais",null,"Não se aplica, pois a hora extra não altera esse custo"]
["C","Equipamentos",null,"Não se aplica, pois a hora extra não altera esse custo"]
["D","EPIs"]
["Total",null,{"$f":"SUM(C118:C121)","v":{"v":0,"d":"0.00"}}]
[]
[]
["Módulo 6 - Custos Indiretos, Tributos e Lucro"]
[]
[6,"Custos Indiretos, Tributos e Lucro","Percentual (%)","Valor (R$)"]
["A","Custos Indiretos",{"v":0.07,"d":"7.00%"},{"$f":"$C$149*C128","v":{"v":1.4547547783882908,"d":"1.45"}},"Aqui devem ser previstos todos os custos que não estão na planilha - será considerado inexíquel se não cobrir ao menos a soma dos impostos incluindo IRPJ e CSLL"]
["B","Lucro",{"v":0.08,"d":"8.00%"},{"v":1.662576889586618,"d":"1.66"}]
[null,"Subtotal (Múdulos 1 ao 5+CI+lucro)",null,{"$f":"C149+D129+D128","v":{"v":23.899542787807633,"d":"23.90"}}]
["C","Tributos"]
[null,"C.1. Tributos Federais (especificar) SOMA",{"$f":"C133+C134+C137","v":{"v":0.14250000000000002,"d":"14.25%"}},{"$f":"(D130/(1-C132))*C132","v":{"v":3.971644136749374,"d":"3.97"}}]
[null,"C.1.1  PIS",{"v":0.0165,"d":"1.65%"}]
[null,"C.1.2 COFINS",{"v":0.076,"d":"7.60%"}]
[null,"C.2. Tributos Estaduais (especificar)"]
[null,"C.3. Tributos Municipais (especificar)"]
[null,"C.3.1 - ISS - [cidade]",{"v":0.05,"d":"5.00%"}]
["Total módulo 6",null,null,{"$f":"D128+D129+D132","v":{"v":7.088975804724283,"d":"7.09"}}]
[]
[]
["2. QUADRO-RESUMO DO CUSTO POR EMPREGADO"]
[]
[null,"Mão de obra vinculada à execução contratual (valor por empregado)","Valor (R$)"]
["A","Módulo 1 - Composição da Remuneração",{"$f":"C25","v":{"v":13.19406818181818,"d":"13.19"}}]
["B","Módulo 2 - Encargos e Benefícios Anuais, Mensais e Diários",{"$f":"C70","v":{"v":6.86071490470909,"d":"6.86"}}]
["C","Módulo 3 - Provisão para Rescisão",{"$f":"C82","v":{"v":0.7274280333054544,"d":"0.73"}}]
["D","Módulo 4 - Custo de Reposição do Profissional Ausente",{"$f":"C112","v":{"v":0,"d":"0.00"}}]
["E","Módulo 5 - Insumos Diversos",{"$f":"C122","v":{"v":0,"d":"0.00"}}]
["Subtotal (A + B +C+ D+E)",null,{"$f":"SUM(C144:C148)","v":{"v":20.782211119832724,"d":"20.78"}}]
["F","Módulo 6 – Custos Indiretos, Tributos e Lucro",{"$f":"D138","v":{"v":7.088975804724283,"d":"7.09"}}]
["Valor Total por Empregado",null,{"$f":"C150+C149","v":{"v":27.87118692455701,"d":"27.87"}}]
[null,"Quantidade de hora extra",1]
[null,"Quantidade de funcionários",1]
[null,"Total da hora estimada",{"$f":"C151*C153","v":{"v":27.87118692455701,"d":"27.87"}}]

{"sheet":"Uniformes","index":4,"n_rows":18,"n_cols":6,"rows_kept":18,"merged":[[0,0,0,5],[1,0,1,5],[14,0,14,4],[15,0,15,4],[17,0,17,4]]}
["ESTIMATIVA DE PREÇOS"]
["Uniformes para todos"]
["Ordem","Especificação (nome, tipo, embalagem etc.)","Unidade Física","Qtd. 12 meses","Pesquisa de preços","Valor total do contrato"]
[null,"UNIFORMES POR FUNCIONÁRIO"]
[1,"Boné Material Corpo: 100% Algodão , Material Aba: Plástico , Modelo: Tradicional , Características Adicionais: Conforme Modelo Do Órgão , Tamanho: Único - Logo da empresa na frente","Unid.",2,{"v":17,"d":" R$ 17.00 "},{"$f":"D5*E5","v":{"v":34,"d":" R$ 34.00 "}}]
[2,"Capa Chuva Material: Pvc , Características Adicionais: Forrado Com Capuz","Unid.",2,{"v":26.38,"d":" R$ 26.38 "},{"v":52.76,"d":" R$ 52.76 "}]
[3," Meia Vestuário Masculino Material: 65% Algodão 32% Poliamida 03% Poliamida Outras Fi , Cor: Variada , Tamanho: Sob Medida , Aplicação: Adulto , Características Adicionais: Lisa /Cano Alto","Par",4,{"v":7.9,"d":" R$ 7.90 "},{"$f":"D7*E7","v":{"v":31.6,"d":" R$ 31.60 "}}]
[4,"- Cartão Identificação Material: Pvc , Comprimento: 86 MM, Largura: 54 MM, Tipo Impressão: Colorida Frente/Preto Verso , Características Adicionais: Sem Tarja Magnética , Aplicação: Identificação De Funcionários","Unid.",2,{"v":4.12,"d":" R$ 4.12 "},{"v":8.24,"d":" R$ 8.24 "}]
[5,"Cinto Vestuário Material: Couro , Cor: Preta , Tamanho: 110 CM, Uso: Masculino , Modelo: Social","Unid.",2,{"v":63.14,"d":" R$ 63.14 "},{"v":126.28,"d":"R$ 126.28"}]
[7,"Calça Material: Brim , Modelo: Tradicional , Quantidade Bolsos: 6 , Tipo Bolso: 2 Frontais, 2 Laterais E 2 Traseiros , Cor: Azul Marinho , Tamanho: Sob Medida , Aplicação: Uniforme","Unid.",4,{"v":56.88,"d":" R$ 56.88 "},{"v":227.52,"d":" R$ 227.52 "}]
[8,"Camisa Masculina Material: Poliéster E Algodão , Modelo Manga: Curta , Tipo Gola: Colarinho , Cor: Branca , Tamanho: 5 , Características Adicionais: Abertura Frontal Com Fechamento Por Botões , Uso: Uniforme","Unid.",4,{"v":69,"d":" R$ 69.00 "},{"v":276,"d":" R$ 276.00 "}]
[9,"Camisa Uniforme Material: Rip Stop 67% Poliéster E 33% Algodão , Tipo Manga: Longa , Cor: Azul , Tamanho: Sob Medida , Tipo Uso: Uniforme , Características Adicionais: Frente Aberta Com Botões , Tipo Camisa: Operacional","Unid.",4,{"v":96.98,"d":" R$ 96.98 "},{"v":387.92,"d":" R$ 387.92 "}]
[10,"Jaqueta Masculina Material: Nailon , Modelo: Zíper , Acabamento: Com Forro , Tipo Bolso: 2 Bolsos Externos Lateral , Cor: Preta , Tamanho: Sob Medida , Características Adicionais: Conforme Modêlo Do Órgão , Tipo Manga: Comprida","Unid.",2,{"v":145,"d":" R$ 145.00 "},{"v":290,"d":" R$ 290.00 "}]
[11,"Botina Masculina Material: Couro , Material Sola: Pvc - Cloreto De Polivinila , Modelo: Com Elástico , Tipo Sola: Extraleve , Características Adicionais: Todo Em Raspa De Couro Sem Biqueira De Aço , Tamanho: Variado","Unid.",4,{"v":49.77,"d":" R$ 49.77 "},{"v":199.08,"d":" R$ 199.08 "}]
["TOTAL ANUAL  POR FUNCIONÁRIO",{"$nulls":4},{"$f":"SUM(F5:F14)","v":{"v":1633.3999999999999,"d":" R$ 1,633.40 "}}]
["TOTAL MENSAL POR FUNCIONÁRIO",{"$nulls":4},{"$f":"F15/12","v":{"v":136.11666666666665,"d":" R$ 136.12 "}}]
[{"$nulls":5},"SEM O PIS/COFINS"]
["TOTAL MENSAL POR FUNCIONÁRIO",{"$nulls":4},{"$f":"F16-(0.0925*F16)","v":{"v":123.52587499999998,"d":" R$ 123.53 "}}]

{"sheet":"Materiais Vigilante Desarmado","index":5,"n_rows":11,"n_cols":7,"rows_kept":11,"merged":[[1,0,1,6],[2,0,2,6],[7,0,7,4],[8,0,8,4],[10,0,10,4]]}
[]
["ESTIMATIVA DE PREÇOS"]
["MATERIAIS VIGILANTE DESARMADO"]
[null,"ESPECIFICAÇÃO","Unidade Física","Qtd. 12 meses","Pesquisa de preços","Valor total do contrato","PERÍODO DE SUBSTITUIÇÃO"]
[1,"Lanterna Elétrica Material: Plástico Abs Resistente A Impactos , Tipo: Tocha , Características Adicionais: Resistente A Àgua , Tipo Lâmpada: 12 Leds Americanas (110 Bright Ultra Led) , Tipo Bateria: Recarregável , Alcance Máximo: 300 M, Recarga Bateria: 10","Unid.",2,{"v":56.5,"d":"R$ 56.50"},{"$f":"E5*D5","v":{"v":113,"d":" R$ 113.00 "}},"Em situação de defeito"]
[2,"Tonfa Material: Fibra De Carbono , Comprimento: 58 CM, Cor: Preta , Aplicação: Policiamento","Unid.",2,{"v":29.99,"d":"R$ 29.99"},{"v":59.98,"d":" R$ 59.98 "},"Em situação de defeito"]
[]
["TOTAL do contrato por funcionário",{"$nulls":4},{"$f":"SUM(F5:F7)","v":{"v":172.98,"d":" R$ 172.98 "}}]
["TOTAL MENSAL POR FUNCIONÁRIO (24 meses)",{"$nulls":4},{"$f":"F8/12","v":{"v":14.415,"d":" R$ 14.42 "}}]
[{"$nulls":5},"SEM O PIS/COFINS"]
["TOTAL MENSAL POR FUNCIONÁRIO (24 meses)",{"$nulls":4},{"$f":"F9-(0.0925*F9)","v":{"v":13.081612499999999,"d":" R$ 13.08 "}}]